Dél- alföldi régió hulladéklerakó telepének, gáztalanítási technológiájának vizsgálata

Elmentve itt :
Bibliográfiai részletek
Szerző: Rózsa Judit
További közreműködők: Molnár Tamás Géza (Témavezető)
Dokumentumtípus: Szakdolgozat
Megjelent: 2022
Tárgyszavak:
Online Access:http://diploma.bibl.u-szeged.hu/135408
LEADER 00800nta a2200193 i 4500
001 dipl135408
005 20230804103248.0
008 230804s2022 hu om 0|| hun d
040 |a SZTE Diploma Repozitórium  |b hun 
041 |a hun 
100 1 |a Rózsa Judit 
245 1 0 |a Dél- alföldi régió hulladéklerakó telepének, gáztalanítási technológiájának vizsgálata  |h [elektronikus dokumentum] /  |c Judit Rózsa 
246 1 0 |a Analysis of degassing technologies at the Southern Great Plain  |h [elektronikus dokumentum] 
260 |c 2022 
650 4 |a Mérnöki tudományok 
650 4 |a Engineering and technology 
650 4 |a Other engineering and technologies 
700 1 |a Molnár Tamás Géza  |e ths 
856 4 0 |u https://diploma.bibl.u-szeged.hu/id/eprint/135408/1/2022_rozsa_judit.pdf  |z Dokumentum-elérés